| 000 | 00448nam a2200181Ia 4500 | ||
|---|---|---|---|
| 001 | 10906 | ||
| 005 | 20260306161906.0 | ||
| 008 | 260306t1985||||xx |||||||||||||| ||spa|| | ||
| 041 | _aESP | ||
| 082 |
_a980.013 _bM14 T. 1 |
||
| 100 |
_aMadariaga, Salvador de _eAUT |
||
| 245 | 0 | _aEl auge y el ocaso del imperio español en América (I) | |
| 260 | _c1985 | ||
| 300 |
_a _c20 cm. |
||
| 650 | _aGEN | ||
| 654 | _aCHU | ||
| 942 |
_cLIB _dJUS _fJUS _2ddc _n |
||
| 999 |
_c10906 _d10906 |
||